000 00672nam a2200229 a 4500
001 4726
003 CO-ViMGA
008 141112s2004 ck r 000 u spa d
040 _aCO-ViMGA
_bspa
_cCO-ViMGA
082 0 4 _a641.12 C433
100 1 _aCheftel, Jean Claude
_954554
245 1 0 _aProteínas alimentarias /
_cCheftel Jean Claude , Cub Jean Louis , Lorient Denis
260 _aZaragoza :
_bAcribia,
_c1989
300 _a346 p : il
490 _aCiencia y tecnología de los alimentos
650 1 4 _aALIMENTOS
_98065
650 1 4 _aCub, Jean Louis
_92861
650 1 4 _aLorient, Denis
_92862
650 1 4 _aNUTRICION
650 1 4 _aPROTEINAS
_92863
942 _2ddc
_cBK
999 _c16735
_d16735